000 00715nam a22001937a 4500
005 20251108164024.0
008 250721s1986 xx 000 0 ara d
082 1 4 _a189/رشد
100 1 _aإبن رشد، أبو الوليد محمد بن أحمد بن محمد
245 1 0 _aفصل المقال فيما بين الحكمة و الشريعة من الإتصال /
250 _aط3
264 1 _aالقاهرة :
_bالمؤسسة العربية للدراسات والنشر،
_c1986.
300 _a102ص
490 0 _aمن التراث الإسلامي العقلاني
650 1 7 _aالفلسفة الإسلامية
700 1 _aعمارة، محمد
_eتحقيق
942 _2ddc
_cBK
999 _c1649
_d1649